Entretenimientos de un enfermo : El cempazuchil /

محفوظ في:
التفاصيل البيبلوغرافية
المؤلف الرئيسي: Rivera, Agustín (autor)
التنسيق: كتاب
اللغة:الإسبانية
منشور في: Lagos de Moreno, México : Imprenta de Ausencio López Arce, 1891
الوسوم: إضافة وسم
لا توجد وسوم, كن أول من يضع وسما على هذه التسجيلة!

MARC

LEADER 00000nam^a2200000^a^4500
001 000616344
005 20250625000000.0
009 20260310133720.057
025 |a Donación Robles Martínez, 1 ejemplar 
037 |a Acervo ITESO - Biblioteca 
041 |a ESP 
091 |a FRM. 00699 
100 |a Rivera, Agustín  |e (autor) 
245 1 0 |a Entretenimientos de un enfermo :  |b El cempazuchil / 
264 1 |a Lagos de Moreno, México :  |b Imprenta de Ausencio López Arce,  |c 1891 
300 |a 79 p. 
336 |a texto  |b txt  |2 rdacontenido 
337 |a sin mediación  |b n  |2 rdamedio 
338 |a volumen  |b nc  |2 rdasoporte 
649 |a XX 
910 |a Fondo Robles Martínez 
920 |a Impresos - Libros 
930 |a Libros Antiguos y Raros 
940 |a Literatura 
905 |a 108 
901 |a 616344-10  |b IT2  |c LRA  |i D79255  |u 20250625 
902 |a https://opac.biblio.iteso.mx/vufind/Record/000616344